Kdo je kdo v reklamních agenturách

Charakteristika funkcií v reklame: šéf kreatívneho oddelenia, reprezentant obchodného oddelenia, reprezentant mediálneho oddelenia, finančný riaditeľ, riaditeľ agentúry.

Salvato in:
Dettagli Bibliografici
Natura: Libro
Lingua:ceco
Soggetti:
Tags: Aggiungi Tag
Nessun Tag, puoi essere il primo ad aggiungerne!!

MARC

LEADER 00000nam a2200000 4500
001 r030516
005 20230911122748.3
041 0 |a cze 
044 |a CZ 
245 1 0 |a Kdo je kdo v reklamních agenturách 
520 |a Charakteristika funkcií v reklame: šéf kreatívneho oddelenia, reprezentant obchodného oddelenia, reprezentant mediálneho oddelenia, finančný riaditeľ, riaditeľ agentúry. 
610 2 0 |a reklama 
610 2 0 |a marketing 
610 2 0 |a agentúry 
610 2 0 |a manažment 
610 2 0 |a manažéri